Exports Politics and Economic Develoment in Pakistan (Record no. 223287)
[ view plain ]
| 000 -LEADER | |
|---|---|
| fixed length control field | 00742nam a22002417a 4500 |
| 005 - DATE AND TIME OF LATEST TRANSACTION | |
| control field | 20220607152144.0 |
| 008 - FIXED-LENGTH DATA ELEMENTS--GENERAL INFORMATION | |
| fixed length control field | 220607b ||||| |||| 00| 0 eng d |
| 040 ## - CATALOGING SOURCE | |
| Transcribing agency | AL |
| 041 ## - LANGUAGE CODE | |
| Language code of text/sound track or separate title | English |
| 082 ## - DEWEY DECIMAL CLASSIFICATION NUMBER | |
| Edition number | 23 |
| Classification number | 382.60954 |
| Item number | IQBE |
| 100 ## - MAIN ENTRY--PERSONAL NAME | |
| Personal name | Sabiha Iqbal and others |
| 100 ## - MAIN ENTRY--PERSONAL NAME | |
| 9 (RLIN) | 40945 |
| 245 ## - TITLE STATEMENT | |
| Title | Exports Politics and Economic Develoment in Pakistan |
| 260 ## - PUBLICATION, DISTRIBUTION, ETC. | |
| Place of publication, distribution, etc. | Lahore |
| Name of publisher, distributor, etc. | Vanguard Books |
| Date of publication, distribution, etc. | 1987 |
| 300 ## - PHYSICAL DESCRIPTION | |
| Extent | 257 p. |
| Other physical details | PB |
| Dimensions | 22x14 cm. |
| 365 ## - TRADE PRICE | |
| Price amount | ₹100.00 |
| Currency code | ₹ |
| Unit of pricing | ₹100.00 |
| 650 ## - SUBJECT ADDED ENTRY--TOPICAL TERM | |
| Topical term or geographic name entry element | Pressure groups--Pakistan |
| 9 (RLIN) | 40946 |
| 650 ## - SUBJECT ADDED ENTRY--TOPICAL TERM | |
| Topical term or geographic name entry element | Exports--Pakistan |
| 9 (RLIN) | 40947 |
| 650 ## - SUBJECT ADDED ENTRY--TOPICAL TERM | |
| Topical term or geographic name entry element | Pakistan--Commerce |
| 9 (RLIN) | 40948 |
| 650 ## - SUBJECT ADDED ENTRY--TOPICAL TERM | |
| Topical term or geographic name entry element | Pakistan--Economic conditions |
| 9 (RLIN) | 40949 |
| 700 ## - ADDED ENTRY--PERSONAL NAME | |
| Personal name | IQBAL (Sabiha) |
| 9 (RLIN) | 40950 |
| 700 ## - ADDED ENTRY--PERSONAL NAME | |
| Personal name | ADAMS (John) |
| 9 (RLIN) | 40951 |
| 942 ## - ADDED ENTRY ELEMENTS (KOHA) | |
| Source of classification or shelving scheme | Dewey Decimal Classification |
| Koha item type | George Fernandes Collections |
| Withdrawn status | Lost status | Source of classification or shelving scheme | Damaged status | Not for loan | Collection code | Home library | Current library | Date acquired | Total Checkouts | Full call number | Barcode | Date last seen | Price effective from | Koha item type |
|---|---|---|---|---|---|---|---|---|---|---|---|---|---|---|
| Dewey Decimal Classification | Commerce | St Aloysius Library | St Aloysius Library | 03/24/2013 | 382.60954 IQBE | GF03266 | 06/07/2022 | 06/07/2022 | George Fernandes Collections |